000 00418nam a2200169Ia 4500
008 180207s9999 xx 000 0 und d
020 _a9781865042725
050 _bL749 2000
100 _aLindsay, Norman.
245 4 _aThe magic pudding cookbook /
245 _cNorman Lindsay.
260 _aAustralia :
260 _bScholastic,
260 _c2000
300 _a32 pages :
300 _bcolor illustration ;
999 _c355046
_d355046